| 000 | 01053nam a2200277 a 4500 | ||
|---|---|---|---|
| 001 | 000024711 | ||
| 005 | 20251215115317.0 | ||
| 008 | 110202s1989 ve r 000 0 spa d | ||
| 020 | _a9806110366 | ||
| 040 |
_aDO-SdBNP _bspa _cBNPHU |
||
| 082 |
_a320.12 _bS482 |
||
| 100 | 1 |
_aSerbin, Andrés _930573 |
|
| 245 | 1 | 0 |
_aEl Caribe zona de paz? : _bgeopolítica, integración y seguridad / _cAndrés Serbin ; edición a cargo de Daniel González V. |
| 260 |
_aCaracas, Venezuela : _bEditorial Nueva Sociedad, _c1989. |
||
| 300 |
_a188, [1] p. ; _c23 cm. |
||
| 500 | _aIncluye datos del autor en la solapa de la contracubierta | ||
| 500 | _aIncluye referencias bibliográficas | ||
| 500 | _aIncluye notas al pie de las páginas | ||
| 650 | 4 |
_aGeopolítica _918428 |
|
| 650 | 4 |
_aGeografía política _950693 |
|
| 650 | 4 |
_aPolítica internacional _92879 |
|
| 650 | 0 |
_aOrganización internacional _94204 |
|
| 650 | 4 |
_aEl caribe _xPolítica y gobierno _950694 |
|
| 700 | 1 |
_aGonzález V.,Daniel _eed. _950695 |
|
| 710 | 2 |
_aComisión Sudamericana de Paz _950696 |
|
| 999 |
_c24204 _d24204 |
||